| 000 | 00646nam a2200169 i 4500 | ||
|---|---|---|---|
| 001 | 134546 | ||
| 003 | ES-MaACL | ||
| 005 | 20230906194710.0 | ||
| 007 | t| | ||
| 008 | 070911s1944 ag ||||1| spa d | ||
| 100 | 1 |
_aWebster, Charles Kingsley. _9116270 |
|
| 245 | 1 | 0 |
_aGran Bretaña y la independencia de la América Latina 1812-1830 _b: documentos escogidos de los Archivos del Foreign Office / _ccompilados por C. K. Webster ; traducido por Guillermo E. Leguizamón. |
| 260 |
_aBuenos Aires : _bGuillermo Kraft, _c1944. |
||
| 300 |
_a2 v. ; _c24 cm. |
||
| 700 | 1 |
_aLeguizamón, Guillermo E. _971317 |
|
| 852 |
_aES-MaACL _jD-6749-50 _bR.30346 |
||
| 999 |
_c134546 _d134546 |
||